000 00584nam a2200193Ia 4500
999 _c10037
_d10037
003 OSt
005 20191226132917.0
008 190216s9999||||xx |||||||||||||| ||und||
020 _a812030179X
040 _coclc
082 _a330.0151
_bYAM/M
100 _aYamane, Taro
_9760
245 0 _aMathematics For Economists An Elementary Survey /
_cTaro Yamane
250 _a2nd ed.
260 _bPrentice Hall Of India Pvt Ltd,
_c1998.
_c2004
_c2006
_aNew Delhi:
300 _a714 p
650 _aEconomics
942 _cBK
_2ddc
_h330.0151
_iYAM/M
_k330.0151
_mYAM/M